History Quiz

Random History or Clickable Quiz

1980s Match-Up Quiz Stats

 Plays Quiz Updated Jan 18, 2015

Also try: 1960s Match-Up
Challenge
Share
Tweet
Score 0/36 Timer 05:00
1 Play Today
% Correct
Berlin
98.9%
Ronald
98.4%
Bruce
98.4%
Fidel
98.4%
Rubik's
98.1%
Margaret
97.7%
Whitney
97.3%
Ferris Bueller's
97.2%
Miami
96.8%
Halley's
96.6%
Billie
96.6%
Donkey
96.3%
Chernobyl
96.1%
Risky
96.1%
Driving
95.6%
Indiana
95.4%
Sixteen
95.4%
Mikhail
94.6%
% Correct
Tiananmen
92.4%
Magic
92.3%
Run
91.8%
First
89.2%
Indira
88.4%
Das
87.2%
Salvadoran
81.7%
Deng
79.6%
Velvet
79.4%
Ruhollah
73.3%
Corazon
72.2%
Fran├žois
70.6%
Helmut
70.1%
Singing
69.8%
Lech
68.2%
Nicolae
67.8%
Hosni
67.4%
Erich
61.6%

You're not logged in!

Compare scores with friends on all Sporcle quizzes.
Join for Free
OR
Log In

You Might Also Like...

Show Comments

Extras

Top Quizzes Today


Score Distribution

Your Account Isn't Verified!

In order to create a playlist on Sporcle, you need to verify the email address you used during registration. Go to your Sporcle Settings to finish the process.

Report this User

Report this user for behavior that violates our Community Guidelines.

Details: